00526nam a2200205 a 4500001001300000003000900013005001700022008004100039020000800080082001800088100002800106245003700134260003000171300000800201500003500209505002200244650001600266650001000282700002800292nice12345678IN_TiNIC20260116011650.0050524s1971 dela grp 000 0 urd  ac600a891.4391bABB aAbbasi, Qazi Mohd Adeel aIqbal Ka Fasafa-E-Hayat-O-Shairi aDelhibBook Servicec1971 a246 aincludes index and biblioraphy2 aVarious Documents aUrdu-Poetry aIqbal1 aAbbasi, Qazi Mohd Adeel